000 01206nmc a2200433 a 4500
003 AR-BaBNM
005 20251128204812.0
008 011101s1981 ||||||||||||||000 | spa||
040 _cAR-BaBNM
100 1 _aSánchez Márquez, Manuel J.
245 1 0 _aLa enseñanza de la lengua
260 _aBuenos Aires
_bDocencia
_bProyecto CINAE
_c1981
300 0 _a179 p.
490 0 _aInteracción educativa
_vv. 26
500 0 _aIndice de materias p. 177-179
504 _aBibliografía al final de cada capítulo
650 4 _aENSENANZA DE LA LENGUA MATERNA
650 4 _aMEDIO SOCIAL
650 4 _aMEDIO FAMILIAR
650 4 _aDOCENTES
650 4 _aOBJETIVOS EDUCACIONALES
650 4 _aNIVELES DE EDUCACION
650 4 _aENSENANZA DE LA LECTURA
650 4 _aENSENANZA DE LA ESCRITURA
650 4 _aREDACCION
650 4 _aENSENANZA DE LA ORTOGRAFIA
650 4 _aVOCABULARIO
650 4 _aGRAMATICA
650 4 _aLITERATURA
650 4 _aCRITICA LITERARIA
650 4 _aLINGUISTICA
650 4 _aCULTURA
650 4 _aDEBATES [EDUCACION]
650 4 _aMONOGRAFIAS
650 4 _aMETODOS DE ENSENANZA
650 4 _aMETAS EDUCACIONALES
942 _cBK
998 _csole
999 _c8885
_d8885